000 01784nam a22003257i 4500
999 _c174028
_d174028
003 PPAK
005 20190827112813.0
008 190827s2019 my aob e o001 0 eng d
020 _a9789674406059
_cRM35.00
_qpaperback
040 _aPPAK
_beng
_cPPAK
_erda
082 0 4 _223
_a323.1591
090 0 0 _a323.1591
_bZAR
_dG
100 0 _aZarina Othman,
_cProf. Madya, Dr.,
_eauthor.
245 1 0 _aROHINGYA SURVIVORS :
_bRegional Security Implication of Gender Based Violence /
_cZarina Othman, Md. Mahbubul Haque, Bakri Mat
264 1 _aBandar Baru Nilai, Negeri Sembilan :
_bUSIM PRESS, Universiti Sains Islam Malaysia,
_c2019
300 _a128 pages :
_billustrations, colour photographs, colour maps ;
_c23 cm
336 _2rdacontent
_atext
337 _2rdamedia
_aunmediated
338 _2rdacarrier
_avolume
500 _aIncludes index
504 _aBibliography : pages [117]-126
520 _aThis book is not only a research book. It also explains how the Rohingya ethnic group became major security issue in the region, mainly in Myanmar. Due to the prior policy of the Burmese regime, the Rohingyas are stateless, the were forced to leave their homeland and labelled as the most victimised ethnic group on earth. The plight of the Rohingyas has attracted the international community attention yet, their future remain uncertain. Based on field works, mainly conducted in Cox's Bazar, Bangladesh and Myanmar, the book analyses how the Rohingya gender issue has destabilised the region.
650 1 0 _aHuman security
_zBurma
650 2 0 _aRohingya (Burmese people)
_zBurma
650 2 0 _aRefugees
_zBurma
650 2 0 _aGovernment publications
_zMalaysia
700 0 _aMd. Mahbubul Haque,
_cDr.,
_eauthor.
700 0 _aBakri Mat,
_cDr.,
_eauthor.
942 _2ddc
_cB